#1 Hits der 2010er-Jahre in Deutschland - Statistiken

Allgemein
  • Dieses Quiz wurde 20.175 mal gespielt
  • Das Durchschnittsergebnis liegt bei 53 aus 128
Antwortstatistiken
# Künstler % Korrekt
2 Apache 207
88%
3 Adele
87%
1 Capital Bra feat. Luciano & Eno
86%
1 Capital Bra feat. Ufo361
86%
5 Capital Bra & Samra
86%
1 Capital Bra, Samra & Lea
86%
1 KC Rebell feat. Summer Cem & Capital Bra
86%
7 Capital Bra
85%
1 Capital Bra feat. Juju
85%
2 Ed Sheeran
85%
1 Sido feat. Andreas Bourani
85%
1 Shakira feat. Freshlyground
80%
1 Eminem feat. Rihanna
79%
1 Rihanna
78%
2 Lady Gaga
77%
1 Rihanna feat. Calvin Harris
76%
1 Bruno Mars
74%
1 Lena Meyer-Landrut
74%
1 Mariah Carey
74%
1 Shirin David
74%
1 Pitbull feat. Ke$ha
72%
1 Kalazh44, Capital Bra & Samra feat. Nimo & Luciano
71%
1 Andreas Bourani
68%
2 Avicii
67%
3 Cro
67%
1 Ke$ha
67%
1 Bonez MC & RAF Camora feat. Gzuz
66%
1 Drake
65%
1 Drake feat. WizKid & Kyla
65%
1 Juju feat. Henning May
64%
1 Lilly Wood & the Prick and Robin Schulz
63%
1 Lil Nas X
63%
1 Bausa
62%
1 Psy
62%
1 Robin Schulz feat. Francesco Yates
62%
1 Bonez MC & RAF Camora
61%
1 Daft Punk feat. Pharrell Williams
61%
1 Eno feat. Mero
58%
1 Loredana feat. Mero
58%
1 Namika
58%
1 Namika feat. Black M
58%
1 Die Toten Hosen
57%
1 KitschKrieg feat. Trettmann, Gringo, Ufo361 & Gzuz
56%
3 Mero
56%
1 Pharrell Williams
56%
1 Shawn Mendes & Camila Cabello
56%
1 Calvin Harris & Dua Lipa
55%
1 Robin Thicke feat. T.I. & Pharrell
55%
1 DJ Snake feat. Justin Bieber
54%
1 Sia feat. Sean Paul
54%
1 Rammstein
52%
1 Justin Timberlake
51%
1 Kay One feat. Pietro Lombardi
51%
2 Samra
50%
1 Will.i.am & Britney Spears
50%
1 Wiz Khalifa feat. Charlie Puth
50%
1 Ava Max
49%
1 Die Ärzte
48%
1 Calvin Harris feat. Ellie Goulding
47%
1 Alan Walker
45%
1 David Guetta feat. Zara Larsson
45%
2 Pietro Lombardi
45%
1 Jason Derulo feat. 2 Chainz
44%
1 Tones and I
44%
2 David Guetta feat. Sam Martin
43%
1 Luis Fonsi feat. Daddy Yankee
43%
1 Marteria, Yasha & Miss Platnum
42%
1 Felix Jaehn feat. Jasmine Thompson
40%
1 Jennifer Lopez feat. Pitbull
40%
1 Liam Payne & Rita Ora
39%
1 Meghan Trainor
39%
1 Passenger
39%
1 Stromae
39%
1 Ellie Goulding
38%
1 P!nk feat. Nate Ruess
38%
1 Clean Bandit feat. Sean Paul & Anne-Marie
37%
1 Lana Del Rey
36%
1 Israel Kamakawiwoʻole
34%
1 LMFAO feat. Lauren Bennett & GoonRock
31%
1 Marshmello & Anne-Marie
29%
1 Gotye feat. Kimbra
28%
1 Clean Bandit feat. Demi Lovato
26%
1 Bushido feat. Samra & Capital Bra
24%
1 Clean Bandit feat. Jess Glynne
24%
1 Kollegah & Farid Bang
24%
1 Loreen
24%
1 Olexesh feat. Edin
24%
1 Omi
24%
1 The Black Eyed Peas
24%
1 Rag ’n’ Bone Man
23%
1 Nimo & Hava
21%
1 Olly Murs feat. Rizzle Kicks
21%
1 Flo Rida
18%
1 James Blunt
17%
1 James Newton Howard feat. Jennifer Lawrence
17%
1 Shindy
17%
1 K’naan
16%
1 Kwabs
13%
2 Marlon Roudette
13%
1 Axwell Λ Ingrosso
12%
1 Dynoro & Gigi D’Agostino
12%
1 Alexandra Stan
11%
1 Beatrice Egli
10%
1 Lykke Li
10%
2 Aura Dione
9%
1 Eff
9%
1 Lost Frequencies
9%
1 Lost Frequencies feat. Janieck Devy
9%
1 Capital Cities
8%
1 Empire of the Sun
8%
1 Lucenzo feat. Don Omar
7%
1 Alex Clare
6%
1 Band Aid 30 Germany
6%
1 Klingande
6%
1 Michel Teló
6%
1 Keri Hilson
5%
1 Kungs vs. Cookin’ on 3 Burners
5%
1 Mr. Probz
5%
1 Prince Damien
5%
1 Imany
4%
1 Asaf Avidan & the Mojos
3%
1 Luca Hänni
3%
1 Matt Simons
3%
1 Yolanda Be Cool & DCUP
3%
1 Aneta Sablik
2%
1 Faul & Wad Ad vs. Pnau
2%
1 Mehrzad Marashi
2%
1 The Avener
2%
Keine übereinstimmenden Quizze gefunden
Verteilung der Resultate
Anzahl Personen mit jedem Resultat
Perzentil nach korrekt beantworteten Fragen
Ihre Resultats-Entwicklung
Sie haben dieses Quiz noch nicht gespielt